| 000 | 01294nam a22003497a 4500 | ||
|---|---|---|---|
| 003 | CHAP | ||
| 005 | 20220329143502.0 | ||
| 008 | 100125s2000 mx a r 00010 spa d | ||
| 010 | _a97367 | ||
| 011 | _a98339 | ||
| 020 | _a9701859294 | ||
| 035 | _a109024 | ||
| 040 | _cCHAP | ||
| 090 | _aFolleto 17497 | ||
| 245 | 0 | 0 |
_aPlantas silvestres que se comen en Ixhuatlán del café, Veracruz _c/por INAH |
| 260 |
_aMéxico, D.F. : _bINAH. Proyecto Actores Sociales de la Flora Medicinal en México, _c2000 |
||
| 300 |
_a47 p. : _bilus., cuadros |
||
| 490 | 0 |
_aSerie Patrimonio vivo _v; 4 |
|
| 590 |
_aBATCH-UPD _b10 _c20130110 _lUCH01 _h1553 |
||
| 590 |
_aBATCH-UPD _b10 _c20130410 _lUCH01 _h0950 |
||
| 590 |
_aBATCH-UPD _b10 _c20130914 _lUCH01 _h1649 |
||
| 590 |
_aCONVERSION _b10 _c20130109 _lUCH01 _h1354 |
||
| 650 | 1 | 4 |
_aPlantas comestibles _xTrópicos. _988918 |
| 650 | 1 | 4 |
_aPlantas silvestres. _989083 |
| 710 | 0 |
_aInstituto Nacional de Antropología e Historia. México. _959286 |
|
| 710 | 2 |
_aProyecto Actores Sociales de la Flora Medicinal en México. _992487 |
|
| 830 | 0 |
_aSerie Patrimonio vivo _v; 4 _9104987 |
|
| 901 | _aBK | ||
| 942 | _cFOLL | ||
| 949 |
_aFolleto 17497 _bBC _cFOLL _d33724002134298 _eTS2 _fc.2 _i109024 _sb |
||
| 949 |
_aFolleto 17497 _bBC _cFOLL _d33724002139728 _eTS1 _i109024 _sb |
||
| 999 |
_c97367 _d97367 |
||